000 00317nam a22001337a 4500
999 _c535231
_d535231
020 _a978-93-86391-30-8
040 _cMSOHAIL
082 _a546.4
_bBAL
100 _aNeelam Baliyan
_929680
245 _aRare Earth Elements
260 _aRandom Publications
_bNew Delhi
_cc2018
300 _a266;p
942 _2ddc
_cBK